[Event "32. Open Andorra Hotel St.Gothard "]
[Site "Erts-La Massana AND"]
[Date "2014.07.27"]
[Round "9.12"]
[White "Midoux, Sebastien"]
[Black "Gil Quilez, Sonia"]
[Result "1-0"]
[WhiteElo "2374"]
[BlackElo "2086"]
[PlyCount "75"]
[EventDate "2014.07.19"]
[EventType "swiss"]
[EventRounds "9"]
[EventCountry "AND"]
[Source "lmi"]
[SourceDate "2014.07.19"]

1. d4 Nf6 2. c4 d6 3. Nc3 e5 4. d5 g6 5. e4 Bg7 6. h3 O-O 7. Be3 Nfd7 8. g4 a5
9. h4 h6 10. h5 g5 11. f3 Na6 12. b3 Ndc5 13. Nge2 Re8 14. Rb1 Bf8 15. a3 Nd7
16. b4 axb4 17. axb4 Rb8 18. Ng3 c5 19. dxc6 bxc6 20. b5 cxb5 21. cxb5 Nac5 22.
Rh2 Qa5 23. Bd2 Qa3 24. Nd5 Nd3+ 25. Bxd3 Qxd3 26. Ba5 Qxd1+ 27. Kxd1 Bb7 28.
Bc7 Ra8 29. Rd2 Ra3 30. Ke2 Rc8 31. b6 Nc5 32. Nf5 Rca8 33. Nxd6 Ba6+ 34. Kf2
Nd3+ 35. Kg3 Nf4 36. b7 Be2 37. Nxf4 gxf4+ 38. Kf2 1-0

[Event "32. Open Andorra Hotel St.Gothard "]
[Site "Erts-La Massana AND"]
[Date "2014.07.27"]
[Round "9.13"]
[White "Franco Valencia, Beatriz Irene"]
[Black "Nilsen, Joachim Birger"]
[Result "1/2-1/2"]
[WhiteElo "2175"]
[BlackElo "2346"]
[PlyCount "96"]
[EventDate "2014.07.19"]
[EventType "swiss"]
[EventRounds "9"]
[EventCountry "AND"]
[Source "lmi"]
[SourceDate "2014.07.19"]

1. d4 Nf6 2. c4 g6 3. Nc3 Bg7 4. e4 d6 5. f4 O-O 6. Nf3 Na6 7. Bd3 Bg4 8. O-O
Nd7 9. Be3 e5 10. Be2 Bxf3 11. gxf3 exd4 12. Bxd4 Bxd4+ 13. Qxd4 Qh4 14. Nd5 c6
15. Nc3 Qxf4 16. Rad1 Ne5 17. Qxd6 Nc7 18. Qd2 Ne6 19. b3 g5 20. Qxf4 Nxf4 21.
Kf2 Rae8 22. h4 f6 23. Rh1 Nfg6 24. Rdg1 h6 25. Nd1 f5 26. exf5 Rxf5 27. Ne3
Rf7 28. hxg5 hxg5 29. Rxg5 Ref8 30. Ng4 Nxg4+ 31. Rxg4 Rg7 32. Rhg1 Rf6 33. c5
Kf8 34. Bd1 Rd7 35. b4 Ne5 36. Rg8+ Ke7 37. Re1 Re6 38. Kg3 Kf6 39. Rf8+ Kg7
40. Rf5 Rg6+ 41. Kh4 Nd3 42. Re8 Rd4+ 43. Re4 Rxe4+ 44. fxe4 Re6 45. a3 Rxe4+
46. Kg5 Ne5 47. Bh5 Re1 48. Kf4 Ng6+ 1/2-1/2

[Event "32. Open Andorra Hotel St.Gothard "]
[Site "Erts-La Massana AND"]
[Date "2014.07.27"]
[Round "9.15"]
[White "Sjodahl, Pontus"]
[Black "Hagen, Anders Gjerdrum"]
[Result "1/2-1/2"]
[WhiteElo "2423"]
[BlackElo "2203"]
[PlyCount "34"]
[EventDate "2014.07.19"]
[EventType "swiss"]
[EventRounds "9"]
[EventCountry "AND"]
[Source "lmi"]
[SourceDate "2014.07.19"]

1. d4 Nf6 2. c4 e6 3. Nc3 Bb4 4. e3 O-O 5. Nge2 d5 6. a3 Bd6 7. Ng3 c5 8. dxc5
Bxc5 9. cxd5 exd5 10. Bd3 Nc6 11. O-O Bb6 12. Nce2 Re8 13. b3 Ng4 14. Nf4 Qh4
15. Nh3 Nge5 16. Nf4 Ng4 17. Nh3 Nge5 1/2-1/2

[Event "32. Open Andorra Hotel St.Gothard "]
[Site "Erts-La Massana AND"]
[Date "2014.07.27"]
[Round "9.16"]
[White "Silva Rodriguez, Fernando"]
[Black "Arngrimsson, Dagur"]
[Result "0-1"]
[WhiteElo "2202"]
[BlackElo "2366"]
[PlyCount "52"]
[EventDate "2014.07.19"]
[EventType "swiss"]
[EventRounds "9"]
[EventCountry "AND"]
[Source "lmi"]
[SourceDate "2014.07.19"]

1. d4 d5 2. c4 c6 3. Nc3 e6 4. Nf3 dxc4 5. a4 Bb4 6. e3 b5 7. Bd2 Bxc3 8. Bxc3
a5 9. axb5 cxb5 10. d5 Nf6 11. e4 Nxe4 12. Qd4 Nf6 13. dxe6 Bxe6 14. Qxd8+ Kxd8
15. Rxa5 Rxa5 16. Bxa5+ Kd7 17. b3 Nc6 18. Bc3 Re8 19. bxc4 Bxc4+ 20. Kd1 Ne4
21. Be1 Ra8 22. g3 Ra2 23. Bh3+ Kd6 24. Kc1 Nxf2 25. Bxf2 Ra1+ 26. Kb2 Rxh1 0-1

[Event "32. Open Andorra Hotel St.Gothard "]
[Site "Erts-La Massana AND"]
[Date "2014.07.27"]
[Round "9.17"]
[White "Alvarado Diaz, Alejandro"]
[Black "Rivera, Ingris"]
[Result "1-0"]
[WhiteElo "2354"]
[BlackElo "2190"]
[PlyCount "55"]
[EventDate "2014.07.19"]
[EventType "swiss"]
[EventRounds "9"]
[EventCountry "AND"]
[Source "lmi"]
[SourceDate "2014.07.19"]

1. d4 Nf6 2. c4 g6 3. Nf3 Bg7 4. g3 O-O 5. Bg2 d6 6. Nc3 Nbd7 7. O-O e5 8. e4
exd4 9. Nxd4 Re8 10. h3 Nc5 11. Re1 a5 12. Qc2 Bd7 13. Be3 h6 14. f4 c6 15.
Rad1 Qc7 16. Nb3 Nxb3 17. axb3 Kh7 18. Qd2 Bf8 19. Qf2 Ra6 20. e5 Ng8 21. Qd2
c5 22. Ne4 Re6 23. Nxc5 dxc5 24. Qxd7 Re7 25. Qd5 Rc6 26. Qd8 Bg7 27. Bxc6 Qxc6
28. Qd5 1-0

[Event "32. Open Andorra Hotel St.Gothard "]
[Site "Erts-La Massana AND"]
[Date "2014.07.27"]
[Round "9.18"]
[White "Delabaca, Romuald"]
[Black "Schroer, Marcel"]
[Result "1/2-1/2"]
[WhiteElo "2314"]
[BlackElo "2139"]
[PlyCount "49"]
[EventDate "2014.07.19"]
[EventType "swiss"]
[EventRounds "9"]
[EventCountry "AND"]
[Source "lmi"]
[SourceDate "2014.07.19"]

1. d4 Nf6 2. c4 g6 3. Nf3 Bg7 4. e3 O-O 5. Be2 c6 6. O-O d5 7. Nc3 a6 8. a4 a5
9. Qb3 e6 10. Rd1 Na6 11. Ne5 Nd7 12. Nxd7 Qxd7 13. e4 dxc4 14. Qxc4 Nb4 15. e5
b6 16. Qb3 Ba6 17. Bxa6 Rxa6 18. Bg5 Raa8 19. Rac1 f6 20. exf6 Bxf6 21. Bxf6
Rxf6 22. Ne4 Rf5 23. Qc4 Raf8 24. f3 Qd5 25. b3 1/2-1/2

[Event "32. Open Andorra Hotel St.Gothard "]
[Site "Erts-La Massana AND"]
[Date "2014.07.27"]
[Round "9.19"]
[White "Berthelot, Yannick"]
[Black "Navrotescu, Andreea-Cristiana"]
[Result "1-0"]
[WhiteElo "2278"]
[BlackElo "2181"]
[PlyCount "119"]
[EventDate "2014.07.19"]
[EventType "swiss"]
[EventRounds "9"]
[EventCountry "AND"]
[Source "lmi"]
[SourceDate "2014.07.19"]

1. e4 c5 2. Nf3 d6 3. d4 cxd4 4. Nxd4 Nf6 5. Nc3 g6 6. Be3 Bg7 7. f3 Nc6 8. Qd2
O-O 9. g4 Be6 10. Nxe6 fxe6 11. O-O-O Qa5 12. Bc4 Nd8 13. Bh6 Nd7 14. Bxg7 Kxg7
15. f4 Rc8 16. Bb3 Nc5 17. h4 Nxb3+ 18. axb3 Nf7 19. g5 b5 20. h5 b4 21. Na4
Qc7 22. Rh2 d5 23. Rdh1 Rh8 24. exd5 exd5 25. Qxb4 gxh5 26. Nc3 Qc5 27. Qxc5
Rxc5 28. Rxh5 e6 29. Ne2 Ra5 30. Kb1 h6 31. Nd4 Ra6 32. gxh6+ Rxh6 33. Rxh6
Nxh6 34. c3 Kg6 35. Re1 Kf6 36. Kc2 Nf5 37. Nf3 Rb6 38. Ne5 Rb7 39. Ng4+ Kf7
40. b4 Ke7 41. Ra1 Rc7 42. Ne5 Ne3+ 43. Kd2 Ng2 44. Rxa7 Rxa7 45. Nc6+ Kd7 46.
Nxa7 Nxf4 47. Nb5 e5 48. Na3 Kc6 49. Nc2 Ne6 50. Ne1 Kb5 51. Nc2 Kc6 52. Ne3 d4
53. Ng4 Kd5 54. Nf6+ Kc4 55. Kc2 d3+ 56. Kd2 Nf4 57. b3+ Kb5 58. Ne4 Kb6 59.
Nc5 Nd5 60. Nd7+ 1-0

[Event "32. Open Andorra Hotel St.Gothard "]
[Site "Erts-La Massana AND"]
[Date "2014.07.27"]
[Round "9.20"]
[White "Midonet, Matthieu"]
[Black "Forsa, Espen"]
[Result "1/2-1/2"]
[WhiteElo "2161"]
[BlackElo "2256"]
[PlyCount "92"]
[EventDate "2014.07.19"]
[EventType "swiss"]
[EventRounds "9"]
[EventCountry "AND"]
[Source "lmi"]
[SourceDate "2014.07.19"]

1. e4 c5 2. b3 g6 3. Bb2 Nf6 4. e5 Nd5 5. Bc4 Nb6 6. e6 f6 7. exd7+ Bxd7 8. Qe2
Bg7 9. Nc3 Nxc4 10. Qxc4 Bc6 11. Nf3 Na6 12. O-O-O Qc7 13. Rhe1 e5 14. Nd5 Bxd5
15. Qxd5 Qf7 16. Qxf7+ Kxf7 17. g4 Rhe8 18. d3 Nb4 19. g5 Nxa2+ 20. Kb1 Nb4 21.
gxf6 Bxf6 22. Nxe5+ Bxe5 23. Bxe5 Re6 24. Re4 Rae8 25. f4 Nd5 26. Kb2 Nf6 27.
Ra4 a6 28. b4 cxb4 29. Rxb4 b5 30. Ra1 Ng4 31. h3 Ne3 32. Re4 Nf5 33. c4 Rd8
34. cxb5 axb5 35. Ra7+ Re7 36. Rxe7+ Nxe7 37. Kc2 Nd5 38. Kd2 Ra8 39. Ke2 Ra2+
40. Kf3 Rh2 41. Re1 Rxh3+ 42. Ke4 Nb4 43. Rb1 Nxd3 44. Rxb5 Nf2+ 45. Kd5 Rd3+
46. Bd4 Nh3 1/2-1/2